El oriente maravilloso y exótico (Record no. 169199)

MARC details
000 -LEADER
campo de control de longitud fija 00989nam a2200241 i 4500
001 - NÚMERO DE CONTROL
campo de control 169199
003 - IDENTIFICADOR DE NÚMERO DE CONTROL
campo de control ES-MaACL
005 - FECHA Y HORA DE LA ÚLTIMA TRANSACCIÓN
campo de control 20250815070712.0
008 - DATOS DE LONGITUD FIJA--INFORMACIÓN GENERAL
campo de control de longitud fija 080822s2007 rou |||| | spa d
020 ## - NÚMERO INTERNACIONAL ESTÁNDAR DEL LIBRO
Número Internacional Estándar del Libro 978-973-731-474-1
080 ## - NÚMERO DE LA CLASIFICACIÓN DECIMAL UNIVERSAL
Número de la Clasificación Decimal Universal 821.134.2 Santisteban, Gómez de 7 Libro del Infante don Pedro de Portugal.07
080 ## - NÚMERO DE LA CLASIFICACIÓN DECIMAL UNIVERSAL
Número de la Clasificación Decimal Universal 821.134.3 Pinto, Fernão Mendes 7 Peregrinação.07
100 1# - ENTRADA PRINCIPAL--NOMBRE DE PERSONA
Nombre de persona Mejía Ruiz, Carmen.
9 (RLIN) 138271
245 13 - MENCIÓN DEL TÍTULO
Título El oriente maravilloso y exótico
Resto del título : dos relatos de viajes /
Mención de responsabilidad, etc. Carmen Mejía Ruiz, Mª Victoria Navas Sánchez-Élez.
260 ## - PUBLICACIÓN, DISTRIBUCIÓN, ETC.
Lugar de publicación, distribución, etc. Bucuresti :
Nombre del editor, distribuidor, etc. Cartea Universitara,
Fecha de publicación, distribución, etc. 2007.
300 ## - DESCRIPCIÓN FÍSICA
Extensión 355 p. ;
Dimensiones 21 cm.
504 ## - NOTA DE BIBLIOGRAFÍA, ETC.
Nota de bibliografía, etc. Bibliografía: p. 336-355.
600 14 - PUNTO DE ACCESO ADICIONAL DE MATERIA--NOMBRE DE PERSONA
Nombre de persona Santisteban, Gómez de.
Título de la obra Libro del Infante don Pedro de Portugal.
9 (RLIN) 138272
600 17 - PUNTO DE ACCESO ADICIONAL DE MATERIA--NOMBRE DE PERSONA
Nombre de persona Pinto, Fernao Mendes,
Fechas asociadas al nombre ca. 1509-1583.
Título de la obra Peregrinação
Fuente del encabezamiento o término
9 (RLIN) 138274
700 1# - ENTRADA AGREGADA--NOMBRE PERSONAL
Nombre de persona Navas Sánchez-Elez, María Victoria.
9 (RLIN) 138273
852 ## - LOCALIZACIÓN
Ubicación ES-MaACL
Número de control de estantería L-29640
Holdings
Estatus retirado Estado de pérdida Estado de daño No para préstamo Biblioteca de origen Biblioteca actual Ubicación en estantería Fecha de adquisición Fuente de adquisición Total de préstamos Signatura topográfica completa Código de barras Visto por última vez Precio de reemplazo Tipo de ítem Koha
        Biblioteca del Ateneo de Madrid Biblioteca del Ateneo de Madrid Depósito 2 22/08/2008     L-29640 1177643 23/02/2023 23/02/2023 Libro impreso